Общемашиностроительные нормативы времени для нормирования многостаночных работ на металлорежущих станках. ОНВ

Dettagli Bibliografici
Ente Autore: СССР Государственный комитет по труду и социальным вопросам
Riassunto:С введением в действие настоящих нормативов отменяется сборник "Методика и нормативы для нормирования многостаночных работ на металлорежущих станках" (М.: НИИ труда, 1968, 1972, 1973)
Lingua:russo
Pubblicazione: Москва, Экономика, 1989
Soggetti:
Natura: MixedMaterials Libro
KOHA link:https://koha.lib.tpu.ru/cgi-bin/koha/opac-detail.pl?biblionumber=142053

MARC

LEADER 00000nam0a2200000 4500
001 142053
005 20231101220939.0
010 |a 5282006464 
035 |a (RuTPU)RU\TPU\book\153952 
090 |a 142053 
100 |a 20080901d1989 k a0rusy50 ca 
101 0 |a rus 
102 |a RU 
105 |a a l 000zy 
200 1 |a Общемашиностроительные нормативы времени для нормирования многостаночных работ на металлорежущих станках. ОНВ  |f Государственный комитет СССР по труду и социальным вопросам 
210 |a Москва  |c Экономика  |d 1989 
215 |a 57 с.  |c ил. 
300 |a С введением в действие настоящих нормативов отменяется сборник "Методика и нормативы для нормирования многостаночных работ на металлорежущих станках" (М.: НИИ труда, 1968, 1972, 1973) 
610 1 |a ОНВ 
610 1 |a нормативы времени 
610 1 |a нормирование 
610 1 |a металлорежущие станки 
610 1 |a многостаночное обслуживание 
610 1 |a классификация 
610 1 |a проектирование 
610 1 |a расчет 
610 1 |a выработки 
675 |a 621.9(083)  |v 3 
675 |a 658(083)  |v 3 
712 0 1 |a СССР  |b Государственный комитет по труду и социальным вопросам  |c (1976-1991)  |2 stltpush  |3 (RuTPU)RU\TPU\col\9282  |9 24669 
801 1 |a RU  |b 63413507  |c 20080901  |g PSBO 
801 2 |a RU  |b 63413507  |c 20221207  |g PSBO 
942 |c BK